Water Resource Usage and Air Pollution in Transitive Countries the Case of The Republic of Moldova
Ekologické aspekty tranzitívneho hospodárstva v prípade Moldavskej republiky. Vývoj priemyselnej výroby a poľnohospodárstva je významne spojený s využívaním vodných zdrojov a znečistením ovzdušia.
Enregistré dans:
| Auteur principal: | |
|---|---|
| Autres auteurs: | , |
| Format: | Chapitre de livre |
| Langue: | anglais |
| Sujets: | |
| Tags: |
Pas de tags, Soyez le premier à ajouter un tag!
|
MARC
| LEADER | 00000naa a2200000 4500 | ||
|---|---|---|---|
| 001 | 0241233 | ||
| 005 | 20240502083647.4 | ||
| 041 | 0 | |a eng | |
| 044 | |a IN | ||
| 245 | 1 | 0 | |a Water Resource Usage and Air Pollution in Transitive Countries the Case of The Republic of Moldova |c Leonid Raneta, Mykhaylo Kunychka, Leonardo Orlando |
| 520 | |a Ekologické aspekty tranzitívneho hospodárstva v prípade Moldavskej republiky. Vývoj priemyselnej výroby a poľnohospodárstva je významne spojený s využívaním vodných zdrojov a znečistením ovzdušia. | ||
| 610 | 2 | 0 | |a politika environmentálna |
| 610 | 2 | 0 | |a Moldavsko |
| 610 | 2 | 0 | |a výroba priemyselná |
| 610 | 2 | 0 | |a výroba poľnohospodárska |
| 610 | 2 | 0 | |a zdroje vodné |
| 610 | 2 | 0 | |a znečistenie vôd |
| 100 | 1 | |a Raneta, Leonid, 1982- | |
| 700 | 1 | |a Kunychka, Mykhaylo, 1990- | |
| 700 | 1 | |a Orlando, Leonardo | |